000 00348nam a22001457a 4500
008 221208b ||||| |||| 00| 0 eng d
020 _a9781285452128
041 _aeng
080 _210 EDITION
_a311
082 _a311 KEL
100 _a25.2
101 _aSTATIC
245 _aSTATISTICS FOR MANAGEMENT AND ECONOMICS
_cKELLER G
942 _2udc
_cBK
999 _c59138
_d59138